Pokemon #16 - Statistics

General Stats
  • This quiz has been taken 7 times
  • The average score is 18 of 30
Answer Stats
Picture Answer % Correct
Victini
100%
Oshawott
86%
Samurott
86%
Snivy
86%
Tepig
86%
Emboar
71%
Panpour
71%
Pansage
71%
Serperior
71%
Servine
71%
Blitzle
57%
Dewott
57%
Lillipup
57%
Pansear
57%
Pignite
57%
Stoutland
57%
Unfezant
57%
Watchog
57%
Herdier
43%
Liepard
43%
Munna
43%
Musharna
43%
Patrat
43%
Pidove
43%
Purrloin
43%
Simipour
43%
Simisage
43%
Simisear
43%
Tranquill
43%
Zebstrika
43%
No matching quizzes found
Score Distribution
Percent of People with Each Score
Percentile by Number Answered
Your Score History
You have not taken this quiz